000
00293nam a22001337a 4500
008
171009b xxu||||| |||| 00| 0 eng d
020
_a
9780521304276
041
_a
eng
080
_a
159.9
100
_a
49
101
_a
PSI
245
_a
EXPERIENCING EMOTION
_c
SCHERER,K.R
942
_2
udc
_c
BK
999
_c
32522
_d
32522